00831cam a22002653a 45000010005000000030006000050050017000110080041000280400015000690420007000840500007000911000029000982450065001272600029001925060030002215160020002516530047002716530025003186530031003436530053003746530048004277000021004758300028004968560041005245482PGUSA20140828083121.0041115s2004||||xxu|||||s|||||000 1 eng d aPGUSAbeng adc 4aPT1 aEbers, Georg,d1837-189810aCleopatra — Completeh[electronic resource] /cGeorg Ebers bProject Gutenberg,c2004 aPublic domain in the USA. aElectronic text aEgypt -- History -- 332-30 B.C. -- Fiction aBiographical fiction aQueens -- Egypt -- Fiction aCleopatra, Queen of Egypt, d. 30 B.C. -- Fiction aGerman fiction -- Translations into English1 aSafford, Mary J. 0aProject Gutenbergv548240uhttp://www.gutenberg.org/ebooks/5482